000 00758cam a2200241 4500500
005 20260405004013.0
041 _afre
042 _adc
100 1 0 _aPenrose, Roger
_eauthor
700 1 0 _aBognon-Küss, Cécilia
_eauthor
245 0 0 _aSir Roger Penrose. L’éternel retour de la fin du monde
260 _c2011.
500 _a65
690 _aBig Bang
690 _aEspace
690 _aMathématiques
690 _aMétaphysique
690 _aScience
690 _aSir Roger Penrose
690 _aUnivers
786 0 _nPhilosophie magazine - Hors séries | Hors-série hiver 2011 | HS9 | 2011-12-01 | p. 3-3 | 2104-9246
856 4 1 _uhttps://shs.cairn.info/magazine-philosophie-magazine-2011-hs9-page-3?lang=fr&redirect-ssocas=7080
999 _c2072836
_d2072836